| 000 | 00768cam a22002414a 4500 | ||
|---|---|---|---|
| 020 | _a9781597180528 (pbk.) | ||
| 020 | _a1597180521 (pbk.) | ||
| 040 | _cSTF | ||
| 082 | 0 | 0 | _a005 STA 2009 A004 Or. |
| 245 | 0 | 0 |
_aGetting started with Stata for Mac : _brelease 11. |
| 246 | 3 | _aGetting started with Stata for Macintosh | |
| 246 | 1 | 4 | _aStata release 11 : getting started with Stata for Mac |
| 246 | 1 | 8 | _aStata 11 : getting started with Stata for Mac |
| 260 |
_aCollege Station, Tex. : _bStataCorp LP, _cc2009. |
||
| 300 |
_av, 146 p. : _bill. ; _c24 cm. |
||
| 500 | _a"A Stata Press publication." | ||
| 500 | _aIncludes index. | ||
| 650 | 0 | _aSocial sciences | |
| 650 | 0 | _aSocial sciences | |
| 650 | 0 | _aSocial sciences | |
| 710 | 2 | _aStataCorp LP. | |
| 942 | _cEK | ||
| 999 |
_c16474 _d16474 |
||